All Pokémon with Dry Skin - Statistics

General Stats
  • This quiz has been taken 5 times
  • The average score is 5 of 7
Answer Stats
(Avail)ability Pokémon % Correct
Second Ability Toxicroak
100%
Second Ability Croagunk
80%
First Ability Heliolisk
60%
First Ability Helioptile
60%
Hidden Ability Jynx
60%
Second Ability Paras
60%
Second Ability Parasect
60%
No matching quizzes found
Score Distribution
Percent of People with Each Score
Percentile by Number Answered
Your Score History
You have not taken this quiz